Statistics for Juan Gualberto Gómez Airport Destinations (Varadero, Cuba)

Click here to take the quiz!

General Stats

  • This quiz has been taken 8 times
  • The average score is 37 of 43

Answer Stats

AirlineDestination% Correct
TUI fly NetherlandsAmsterdam
100%
TUI fly BelgiumBrussels
100%
Sunwing Airlines/WestJetCalgary
100%
Sunwing AirlinesEdmonton
100%
CondorFrankfurt
100%
Air Transat/Sunwing AirlinesHalifax
100%
LOT Polish AirlinesKatowice
100%
Sunwing AirlinesLondon (ON)
100%
TUI AirwaysManchester (UK)
100%
Viva AerobusMexico City
100%
American AirlinesMiami
100%
NeosMilan (Malpensa)
100%
Air Canada Rouge/Air Transat/OWG/Sunwing AirlinesMontreal (Trudeau)
100%
Air Transat/Sunwing AirlinesOttawa
100%
Sunwing AirlinesSaint John
100%
Sunwing AirlinesSt. John's
100%
Air Canada Rouge/Air Transat/OWG/Sunwing Airlines/Swoop/WestJetToronto (Pearson)
100%
Sunwing AirlinesVancouver
100%
LOT Polish AirlinesWarsaw (Chopin)
100%
Sunwing AirlinesWinnipeg
100%
Edelweiss AirZurich
100%
Sunclass AirlinesCopenhagen
83%
Sunwing AirlinesHamilton (ON)
83%
Iberojet/World2FlyLisbon
83%
Air Transat/Sunwing AirlinesMoncton
83%
MagnichartersMonterrey
83%
Aeroflot/Nordwind AirlinesMoscow (Sheremetyevo)
83%
Azur AirMoscow (Vnukovo)
83%
LOT Polish AirlinesPoznan
83%
Air Transat/Sunwing AirlinesQuebec City
83%
Sunwing AirlinesRegina
83%
Sunwing AirlinesSaskatoon
83%
Sunclass AirlinesStockholm (Arlanda)
83%
Sunwing AirlinesWindsor
83%
Sunwing AirlinesGander
67%
Sunwing AirlinesKitchener/Waterloo
67%
Sunwing AirlinesSudbury
67%
Sunwing AirlinesThunder Bay
67%
Sunwing AirlinesBagotville
50%
Sunwing AirlinesDeer Lake
50%
Sunwing AirlinesSault Ste. Marie
50%
Sunwing AirlinesNorth Bay
33%
Servicios Aereos ProfesionalesPunta Cana
33%

Score Distribution

Percentile by Number Answered

Percent of People with Each Score

Your Score History

You have not taken this quiz